| 000 | 00000nam 2200000za 4500 |
| 001 | 9.633795 |
| 003 | CaOODSP |
| 005 | 20210624215509 |
| 007 | cr ||||||||||| |
| 008 | 150407|2001||||xxc|||||o f|0| 0 fre d |
| 040 | |aCaOODSP|bfre |
| 043 | |an-cn--- |
| 086 | 1 |aM86-23/2001F-PDF |
| 110 | 1 |aCanada.|bRessources naturelles Canada. |bCommission de toponymie du Canada. |
| 245 | 10|aPrincipes et directives pour la dénomination des lieux 2001 |h[ressource électronique] |
| 260 | |aOttawa - Ontario : |bRessources naturelles Canada. |c[2001]. |
| 300 | |a30p. |
| 500 | |aDonnées de catalogage avant publication (Canada) imprimées dans cette publication. |
| 500 | |aLe n° de catalogue (M86-23/2001) et ISBN (0-662-65485-4) pour l'édition imprimée bilingue ont été incorrectement copiés dans cette édition PDF. |
| 590 | |a07-02-Supp|b2007-04-05 |
| 691 | 07|aGéographie|2gcpds |
| 691 | 07|aToponymie|2gcpds |
| 775 | 08|tPrinciples and procedures for geographical naming 2001 |w(CaOODSP)9.689383 |
| 776 | 0#|tPrinciples and procedures for geographical naming 2001 |w(CaOODSP)9.662515 |
| 776 | 0#|tPrincipes et directives pour la dénomination des lieux 2001 |w(CaOODSP)9.662516 |
| 794 | |tPrincipes et directives pour la dénomination des lieux 2011 |w(CaOODSP)9.835467 |
| 856 | 40|ahttp://publications.gc.ca|qPDF|s647 Ko|uhttps://publications.gc.ca/collections/Collection/M86-23-2001F.pdf |